UCLA Gymnasts 2000-Present - Statistics

General Stats
  • This quiz has been taken 86 times
    81 since last reset
  • The average score is 25 of 99
Answer Stats
Years on Roster Answer % Correct
2016-Present Katelyn Ohashi
79%
2013-Present Christine Peng-Peng Lee
77%
2007-2010 Anna Li
60%
2013-2016 Danusia Francis
60%
2011-2015 Samantha Peszek
57%
2016-Present Stella Savvidou
57%
2015-Present Napualani Hall
55%
2015-Present JaNay Honest
53%
2013-2016 Sophina DeJesus
51%
2014-Present Hallie Mossett
49%
2015-Present Sonya Meraz
47%
2014-Present Angi Cipra
45%
2016-Present Macy Toronjo
45%
2016-Present Madison Preston
45%
2014-Present Alex Waller
43%
2016-Present Matteah Brow
40%
2015-Present Rechelle Dennis
40%
2014-Present Jennifer Pinches
38%
2006 Maranda Smith
38%
2015-Present Melissa Metcalf
38%
2009-2012 Aisha Gerber
36%
2014-Present Mikaela Gerber
36%
2001-2005* Kristen Maloney
34%
2006-2009 Ariana Berlin
32%
2001-2004* Jamie Dantzscher
32%
2012-2014 Mattie Larson
32%
2016-Present Nicki Shapiro
32%
2012-2016 Sadiqua Bynum
32%
2011-2014 Sydney Sawa
32%
2009-2012* Elyse Hopfner-Hibbs
30%
2005-2008 Jordan Schwikert
30%
2015 Jordan Williams
30%
2015 Karli Dugas
30%
1998-2001* Mohini Bhardwaj
30%
2005-2008* Tasha Schwikert
30%
2012-2015 Ellette Craddock
28%
2006 Jalynne Dantzscher
28%
2001-2004 Jamie Williams
28%
2006-2007 Janelle Dantzscher
28%
2000-2003 Malia Jones
28%
2008-2011 Niki Tom
28%
2009-2013 Vanessa Zamarripa
28%
2008-2011 Allison Taylor
23%
2012 Cassie Whitcomb
23%
2001-2004 Jeanette Antolin
23%
2014-Present Jessy MacArthur
23%
2010-2013 Lichelle Wong
23%
2009-2013 Alyssa Pritchett
21%
1997-2000 Heidi Moneymaker
21%
2011-2014 Olivia Courtney
21%
2004 Aimee Walker
19%
2013 Asi Peko
19%
2010-2011 Courtney Shannon
19%
2004-2006 Courtney Walker
19%
2012-2014 Dana McDonald
19%
2009-2013 Kaelie Baer
19%
2003-2006* Kate Richardson
19%
2015-Present LaNiesha-Jopre Irvin
19%
2008-2011 Mizuki Sato
19%
2000-2003 Onnie Willis
19%
2012 Ti Liu
19%
2010-2011 Danielle Greig
17%
2000-2003 Doni Thompson
17%
1997-2000 Lena Degteva
17%
2010-2013 Monique De La Torre
17%
1999-2000 Stephanie Johnson
17%
2009-2012 Tauny Frattone
17%
2009-2011 Tiffany Hyland
17%
2007-2011 Brittani McCullough
15%
2010 Chloe Takayanagi
15%
2000-2003 Kristin Parker
15%
2008-2011 Talia Kushynski
15%
2011 Rachel Luba
13%
2001-2003 Alyssa Beckerman
11%
2004-2007 Ashley Peckett
11%
2000-2001 Carly Raab
11%
2001-2004 Christy Erickson
11%
2006-2008 Kristina Comforte
11%
1999 Amy Young
9%
2007-2008 Ashley Jenkins
9%
2002-2005 Christie Tedmon
9%
2003-2004 Holly Murdock
9%
2003-2005 Jennifer Sutton
9%
2004 Kisha Auld
9%
2004 Lori Winn
9%
2008-2010 Marci Bernholz
9%
2006-2008 Melissa Chan
9%
2002* Michelle Conway
9%
2004-2007 Michelle Selesky
9%
2008 Shavahn Church
9%
2001-2004* Yvonne Tousek
9%
2006 Alyssa Kitasoe
6%
2011-2012 Kassidy Kozai
6%
1999-2002 Lindsey Dong
6%
2005 Lindsey Vanden Eykel
6%
2002 Natasha Desai
6%
2001-2004 Trishna Patel
6%
1999-2002 Valerie Velasco
6%
2007-2008 Natalie Patilla
4%
No matching quizzes found
Score Distribution
Percent of People with Each Score
Percentile by Number Answered
Your Score History
You have not taken this quiz since the last reset